00343nam a2200121Ia 4500008004100000041000800041082001200049100002300061245003600084260003900120300001900159520004300178240719s9999 xx 000 0 und d aeng a900 HAR aHarari, Yuval Noah aSapiens: The Birth Of Humankind aLondonbPenguin Random Housec2020 a245 P.; 28 Cm. aFaculty Purchase By Dr. S. Maheshwaran